000 00545nam a2200169 i 4500
001 bg
245 0 _aComptes rendus du Cinquieme Congres International de Mecanique des sols et des travaux de fondations :
_bParis, du 17 au 22 Juillet 1961. Vol.1-Division 1-3A.
260 _aParis :
_bDunod,
_c1961.
650 9 _aGeologia inżynierska
650 9 _aMechanika gruntów
655 _aMateriały konferencyjne
040 _cBPK
041 _apol
080 _a624.13+624.15](061)
942 _cKS
008 s pl f |000 0 pol
999 _c18323
_d18323
856 _uhttp://koha.tu.koszalin.pl/cgi-bin/koha/opac-detail.pl?biblionumber=18323
_yKatalog online BPK